000 00444cam a2200145 4500500
005 20251012023105.0
041 _afre
042 _adc
100 1 0 _aBossuat, Jean-Paul
_eauthor
245 0 0 _aÉditorial. Saynète de nouvelle année
260 _c2005.
500 _a71
786 0 _nPsy Cause | º42 | 4 | 2005-12-01 | p. 2-2 | 1245-2394
856 4 1 _uhttps://shs.cairn.info/revue-psy-cause-2005-4-page-2?lang=fr&redirect-ssocas=7080
999 _c1541191
_d1541191